00820 2200253 4500001002100000005001700021008004100038020001800079035002500097082001200122090001900134100003200153245016600185250001100351260002500362300002900387650001900416700003400435700002600469700002300495850001200518990001800530990001800548YOGYA-0209000004028320150414081927.0 ind  a979-9392-40-3 a0010-020900000040283 a297.523 a297.523bAlJ M aAL-JAUHARI, Mahmud Muhammad aMembangun keluarga Qur anibPanduan wanita muslimahc/ Mahmud Muhammad Al-Jauhari, Muhammad Abdul Hakim Khayyal; penerjemah, Kamran As ad Irsyady Mufliha Wjayati aCet. 1 aJakartabAmzahc2005 axvii, 385 hlm. ;c23 cm. aKeluarga Islam aKhayyal, Muhammad Abdul Hakim aIrsyadi, Kamran As ad aWijayati, Muflihin aYOPDYOG a29869-PD/B.07 a29870-PD/B.07